000 00448nam a22001697a 4500
005 20260212150630.0
008 260212b |||||||| |||| 00| 0 eng d
020 _a978-81-93328-49-1
100 _aGREWAL B.S.
245 _aHIGHER ENGINEERING MATHEMATICS
250 _a45TH ED.
260 _aNEW DELHI
_bKHANNA PUBLISHERS
_c1979
300 _aIX,1462P.
500 _aINCLUDES AN INDEX
650 _aENGINEERING MATHEMATICS
942 _2lcc
_cBK
999 _c216576
_d216576